000
00339nam a2200157Ia 4500
003
OSt
005
20240120110321.0
008
170524s9999 xx 000 0 und d
020
_a
9789352606405
040
_c
iimtu
100
_a
Kothari DP
245
0
_a
Electric machines
260
_b
TMH New Delhi
260
_c
2004
942
_c
02
_2
ddc
999
_c
5525
_d
5525